Entrepreneurship. (Record no. 3385)

MARC details
005 - DATE AND TIME OF LATEST TRANSACTION
control field 20250607084939.0
020 ## - INTERNATIONAL STANDARD BOOK NUMBER
International Standard Book Number 0-07-048660-3
082 ## - DEWEY DECIMAL CLASSIFICATION NUMBER
Classification number LECT 658.041 HIS
100 ## - MAIN ENTRY--PERSONAL NAME
Author name HISRICH, R. D.
245 ## - TITLE STATEMENT
Title Entrepreneurship.
250 ## - EDITION STATEMENT
Edition statement 5th Ed.
260 ## - PUBLICATION, DISTRIBUTION, ETC.
Place of publication, distribution, etc. New Delhi,
Name of publisher, distributor, etc. Tata McGraw-Hill Publishing Company Limited,
Date of publication, distribution, etc. 2002.
300 ## - PHYSICAL DESCRIPTION
Extent xix, 663p.: ill.; figure, table
Other physical details Glossary & Index
Dimensions 25cm.
700 ## - ADDED ENTRY--PERSONAL NAME
Other authors/Editors PETERS, M. P.
942 ## - ADDED ENTRY ELEMENTS (KOHA)
Source of classification or shelving scheme Dewey Decimal Classification
Koha item type Books
Holdings
Date last seen Total checkouts Full call number Barcode Cost, replacement price Price effective from Koha item type Lost status Source of classification or shelving scheme Damaged status Not for loan Withdrawn status Home library Current library Shelving location Date acquired Cost, normal purchase price
06/07/2025   LECT 658.041 HIS 00000011392 90000.00 06/07/2025 Books   Dewey Decimal Classification       College of Business Education Main Library College of Business Education Main Library General Collection 01/15/2008 30000.00